Normal view MARC view
  • Cambridge Econometrics

Entry Corporate Name

Number of records used in: 9

001 - CONTROL NUMBER

  • control field: 2154

003 - CONTROL NUMBER IDENTIFIER

  • control field: OSt

005 - DATE AND TIME OF LATEST TRANSACTION

  • control field: 20190806150210.0

008 - FIXED-LENGTH DATA ELEMENTS

  • fixed length control field: 190806|| aca||aabn | a|a d

040 ## - CATALOGING SOURCE

  • Original cataloging agency: OSt
  • Transcribing agency: OSt

110 ## - HEADING--CORPORATE NAME

  • Corporate name or jurisdiction name as entry element: Cambridge Econometrics